Des Cardinals und Bischofs /

Bibliographic Details
Main Author: Nicholas, of Cusa, Cardinal, 1401-1464
Other Authors: Scharpff, Franz Anton von, 1809-1879
Format: Book
Language:German
Published: Freiburg im Breisgau : Herder, 1862.

MARC

Tag First Indicator Second Indicator Subfields
LEADER 00000cam a2200000 a 4500
001 in00000091652
005 20150923131713.0
008 810209s1862 gw 00010 germ
010 |a  32024201  
035 |a (OCoLC)07113351 
035 |9 AAK6983AM 
040 |a DLC  |c IAL  |d IAL  |d TXA  |d UtOrBLW 
041 1 |a ger  |h lat 
049 |a TXAM  |c [1561926] 
050 0 0 |a BX890  |b N5 
082 0 |a 208.1 
100 0 |a Nicholas,  |c of Cusa, Cardinal,  |d 1401-1464. 
245 1 4 |a Des Cardinals und Bischofs /  |c Nicolaus von Cusa ; wichtigste Schriften in deutscher Uebersetzung von F.A. Scharpff. 
264 1 |a Freiburg im Breisgau :  |b Herder,  |c 1862. 
300 |a xi, 624 pages ;  |c 24 cm. 
336 |a text  |b txt  |2 rdacontent 
337 |a unmediated  |b n  |2 rdamedia 
338 |a volume  |b nc  |2 rdacarrier 
700 1 |a Scharpff, Franz Anton von,  |d 1809-1879. 
740 0 |a Wichtigste Schriften. 
999 |a MARS 
999 f f |s 7434b380-9890-3f7f-8ec9-1100425587bf  |i d460702d-6fb8-37c6-97b7-39e36c69cce2  |t 0 
952 f f |p ric  |a Texas A&M University  |b Rellis Campus  |c Joint Library Facility  |d Remote Storage  |t 0  |e BX890 N5  |h Library of Congress classification  |i unmediated -- volume  |m A14806019915 
998 f f |a BX890 N5  |t 0  |l Remote Storage